000 01138nam a22003377a 4500
003 CHAP
005 20220817041822.0
008 971013s1974 r 00010 d
010 _a25502
011 _a26474
035 _a30575
040 _cCHAP
082 _a641.1
_bI59
110 _aInstituto Nacional de la Nutrición. México
_959378
245 _aGuía de educación nutricional
_b: unidades educativas de uso práctico en México
260 _a(s.l.) :
_bEl Instituto,
_c1974
300 _a77 p.
_b: ilus
490 _aPublicación
_v; L-19
590 _aBATCH-UPD
_b10
_c20130110
_lUCH01
_h1330
590 _aBATCH-UPD
_b10
_c20130410
_lUCH01
_h0836
590 _aBATCH-UPD
_b10
_c20130914
_lUCH01
_h0128
590 _aCONVERSION
_b10
_c20130109
_lUCH01
_h1315
650 1 4 _aAlimentos
_xValor nutritivo.
_94298
650 1 4 _aNutrición.
_982246
650 1 4 _aNutrición
_xEstudio y enseñanza.
_982256
830 0 _aPublicación
_v; L-19
901 _aBK
942 _cLIBRO
949 _a641.1 I59
_bBC
_cLIBRO
_d-70881
_eLIBRO
_h42269
_i30575
_mD
_si
949 _a641.1 I59
_bBC
_cLIBRO
_d33724000010344
_eLIBRO
_fc.2
_h73549
_i30575
_mD
_si
999 _c25502
_d25502